Medalla de Oro de la Provincia al Dr. Trueta
Publicado:
San Jorge, núm. 100 (abril 1977), pàg 59 :
MARC
| LEADER | 00000nam a2200000Ia 4500 | ||
|---|---|---|---|
| 001 | |||
| 008 | 160829s9999 xx 000 0 cat d | ||
| 245 | |a Medalla de Oro de la Provincia al Dr. Trueta | ||
| 260 | |a San Jorge, núm. 100 (abril 1977), pàg 59 | ||
| 600 | 1 | 0 | |a Trueta, Josep, |d 1897-1977 |x Medalles |9 56243 |
| 650 | 0 | |a Medalla d'Or de la Provincia de Barcelona |9 30314 | |
| 901 | |a Arxiu | ||
| 942 | |n 1 | ||
| 952 | |0 0 |1 0 |4 0 |7 1 |9 52661 |a Arxiu |b Arxiu |d 2016-12-01 |l 0 |r 2016-12-01 00:00:00 |w 2016-12-01 |y ARXIU | ||
| 999 | |c 56510 |d 56510 | ||